Исследование сканирующего преобразователя для контроля геометрических параметров протяженных изделий; Ресурсосберегающие технологии в контроле, управлении качеством и безопасности

Λεπτομέρειες βιβλιογραφικής εγγραφής
Parent link:Ресурсосберегающие технологии в контроле, управлении качеством и безопасности.— 2023.— [С. 76-80]
Κύριος συγγραφέας: Желякова П. О. Полина Олеговна
Συγγραφή απο Οργανισμό/Αρχή: Национальный исследовательский Томский политехнический университет
Περίληψη:Заглавие с экрана
Данная статья посвящена разработке и исследованию макета измерительного преобразователя, предназначенного для контроля диаметра цилиндрических изделий сканирующим методом. В процессе исследования были проведены лабораторные испытания и эксперименты на собранном макете, выявлены имеющиеся недостатки макета, которые планируется устранить в будущем.
The article is devoted to the development and investigation of an experimental model of a measuring transducer, which is designed to testing the diameter of cylindrical objects using a scanning method. In the course of the investigation, laboratory tests and experiments were carried out on the developed experimental model, shortcomings of the experimental model were identified. These shortcomings are planned to be eliminated in the future.
Γλώσσα:Ρωσικά
Έκδοση: 2023
Θέματα:
Διαθέσιμο Online:http://earchive.tpu.ru/handle/11683/74660
Μορφή: MixedMaterials Ηλεκτρονική πηγή Κεφάλαιο βιβλίου
KOHA link:https://koha.lib.tpu.ru/cgi-bin/koha/opac-detail.pl?biblionumber=635522

MARC

LEADER 00000naa2a2200000 4500
001 635522
005 20231102024811.0
035 |a (RuTPU)RU\TPU\conf\37376 
035 |a RU\TPU\conf\37375 
090 |a 635522 
100 |a 20230214d2023 k y0rusy50 ca 
101 0 |a rus  |d eng 
102 |a RU 
105 |a y z 101zy 
135 |a drcn ---uucaa 
181 0 |a i  
182 0 |a b 
200 1 |a Исследование сканирующего преобразователя для контроля геометрических параметров протяженных изделий  |d Investigation of a scanning transducer for testing of the geometrical parameters of extended objects  |f П. О. Желякова 
203 |a Текст  |c электронный 
230 |a 1 компьютерный файл (pdf; 321 Kb) 
300 |a Заглавие с экрана 
320 |a [Библиогр.: с. 79-80 (5 назв.)] 
330 |a Данная статья посвящена разработке и исследованию макета измерительного преобразователя, предназначенного для контроля диаметра цилиндрических изделий сканирующим методом. В процессе исследования были проведены лабораторные испытания и эксперименты на собранном макете, выявлены имеющиеся недостатки макета, которые планируется устранить в будущем. 
330 |a The article is devoted to the development and investigation of an experimental model of a measuring transducer, which is designed to testing the diameter of cylindrical objects using a scanning method. In the course of the investigation, laboratory tests and experiments were carried out on the developed experimental model, shortcomings of the experimental model were identified. These shortcomings are planned to be eliminated in the future. 
463 0 |0 (RuTPU)RU\TPU\conf\37367  |t Ресурсосберегающие технологии в контроле, управлении качеством и безопасности  |o сборник научных трудов XI Международной конференции школьников, студентов, аспирантов, молодых ученых "Ресурсоэффективные системы в управлении и контроле: взгляд в будущее", 08-10 ноября 2022 г., г. Томск  |f Национальный исследовательский Томский политехнический университет (ТПУ)  |v [С. 76-80]  |d 2023 
510 1 |a Investigation of a scanning transducer for testing of the geometrical parameters of extended objects  |z eng 
610 1 |a электронный ресурс 
610 1 |a труды учёных ТПУ 
610 1 |a измерения 
610 1 |a диаметры 
610 1 |a кабельные изделия 
610 1 |a измерительные преобразователи 
610 1 |a цилиндрические изделия 
610 1 |a оптические методы 
610 1 |a методы измерений 
610 1 |a неразрушающий контроль 
610 1 |a сканирующие узлы 
610 1 |a cable products 
610 1 |a scanning method 
610 1 |a non-destructive testing 
610 1 |a scanning unit 
610 1 |a optical methods of measurement 
610 1 |a diameter measurement 
700 1 |a Желякова  |b П. О.  |g Полина Олеговна 
712 0 2 |a Национальный исследовательский Томский политехнический университет  |c (2009- )  |2 stltpush  |3 (RuTPU)RU\TPU\col\15902  |9 26305 
801 2 |a RU  |b 63413507  |c 20230221  |g RCR 
856 4 |u http://earchive.tpu.ru/handle/11683/74660 
942 |c BK